[Event "Espalion op 2nd"]
[Site "Espalion"]
[Date "2017.07.20"]
[Round "7"]
[White "Dubois, Martine"]
[Black "Kozlowski, Thierry"]
[Result "0-1"]
[WhiteElo "1946"]
[BlackElo "1951"]
[PlyCount "102"]
[EventDate "2017.07.15"]
[EventType "swiss"]
[EventRounds "9"]
[EventCountry "FRA"]
[SourceTitle "CBM 179 Extra"]
[Source "ChessBase"]
[SourceDate "2017.08.23"]
[SourceVersion "1"]
[SourceVersionDate "2017.08.23"]
[SourceQuality "1"]

1. e4 c5 2. Nf3 Nc6 3. c3 g6 4. Bc4 Nf6 5. e5 d5 6. Bb5 Ng8 7. 0-0 Qb6 8. Na3 h5 9. d4 Bh6 10. dxc5 Qxc5 11. Nd4 Bd7 12. Nb3 Qb6 13. Qxd5 0-0-0 14. Nc4 Qc7 15. Bxc6 Bxc6 16. Qa5 b6 17. Qa6+ Bb7 18. Qxa7 Qxc4 19. Qxb6 Qd5 20. Qc5+ Bc6 21. Qxd5 Rxd5 22. Nd4 Bb7 23. f4 h4 24. a4 Ba6 25. Re1 e6 26. Nc6 Bb7 27. Nb4 Ra5 28. Be3 Bf8 29. Bb6 Bc5+ 30. Bxc5 Rxc5 31. a5 h3 32. g3 Ne7 33. a6 Ba8 34. Red1 Nf5 35. Kf2 g5 36. Nd3 Rd5 37. fxg5 Rhd8 38. g4 Rxd3 39. Rxd3 Rxd3 40. Ke2 Re3+ 41. Kd2 Rxe5 42. gxf5 Rxf5 43. b4 Rxg5 44. c4 Rg2+ 45. Kc3 Rxh2 46. b5 Rg2 47. b6 Rg3+ 48. Kd4 Rb3 49. b7+ Rxb7 50. axb7+ Bxb7 51. Ra3 h2 0-1

[Event "Angers op 11th"]
[Site "Angers"]
[Date "2016.05.08"]
[Round "6"]
[White "Kozlowski, Thierry"]
[Black "Philippe, Guillaume"]
[Result "0-1"]
[WhiteElo "1945"]
[BlackElo "2305"]
[PlyCount "60"]
[EventDate "2016.05.06"]
[EventType "swiss"]
[EventRounds "6"]
[EventCountry "FRA"]
[SourceTitle "CBM 172 Extra"]
[Source "ChessBase"]
[SourceDate "2016.06.21"]
[SourceVersion "1"]
[SourceVersionDate "2016.06.21"]
[SourceQuality "1"]

1. d4 f5 2. Qd3 d5 3. g4 fxg4 4. h3 Nf6 5. Nc3 Nc6 6. Bg5 e5 7. dxe5 Nxe5 8. Qe3 Bd6 9. Bxf6 Qxf6 10. Nxd5 Qf7 11. 0-0-0 0-0 12. hxg4 Nxg4 13. Qe4 Bf5 14. Qg2 c6 15. Nc3 Rad8 16. Nh3 Be5 17. Rxd8 Rxd8 18. e4 Bxc3 19. bxc3 Qxa2 20. Bd3 Ne5 21. Rg1 Bg4 22. f3 Nxd3+ 23. cxd3 Qxg2 24. Rxg2 Bxh3 25. Rg3 Be6 26. f4 Re8 27. d4 Bc4 28. e5 Rf8 29. Rf3 g6 30. Kd2 a5 0-1

[Event "World Amateur-ch U2000"]
[Site "Chalkidiki"]
[Date "2016.04.27"]
[Round "9"]
[White "Kozlowski, Thierry"]
[Black "Makropoulos, Ioannis"]
[Result "1-0"]
[WhiteElo "1979"]
[BlackElo "1833"]
[PlyCount "73"]
[EventDate "2016.04.19"]
[EventType "swiss"]
[EventRounds "9"]
[EventCountry "GRE"]
[SourceTitle "CBM 172 Extra"]
[Source "ChessBase"]
[SourceDate "2016.06.21"]
[SourceVersion "1"]
[SourceVersionDate "2016.06.21"]
[SourceQuality "1"]

1. d4 d6 2. c4 e5 3. Nc3 exd4 4. Qxd4 Nf6 5. g3 Nc6 6. Qd2 Be6 7. e4 g6 8. b3 Bg7 9. Bb2 0-0 10. Bg2 a5 11. Nge2 Re8 12. 0-0 Qc8 13. Nf4 Bh6 14. Ncd5 Bxd5 15. Qc3 Bg7 16. Nxd5 Nh5 17. Qd2 Ne7 18. Bxg7 Kxg7 19. Qc3+ f6 20. f4 Nxd5 21. cxd5 Re7 22. h3 Kg8 23. g4 Ng7 24. Qxf6 Qd7 25. a4 b6 26. Rae1 Rf8 27. Qg5 Qe8 28. e5 h6 29. Qxh6 dxe5 30. d6 cxd6 31. Bd5+ Ne6 32. f5 gxf5 33. gxf5 Rg7+ 34. Kh2 Rff7 35. fxe6 Rxf1 36. Rxf1 Rh7 37. e7+ 1-0

[Event "Barbera del Valles op 38th"]
[Site "Barbera del Valles"]
[Date "2015.07.12"]
[Round "9"]
[White "Villar Reymundo, Juan Antonio"]
[Black "Kozlowski, Thierry"]
[Result "1-0"]
[WhiteElo "1968"]
[BlackElo "1913"]
[PlyCount "41"]
[EventDate "2015.07.04"]
[EventType "swiss"]
[EventRounds "9"]
[EventCountry "ESP"]
[SourceTitle "CBM 167 Extra"]
[Source "ChessBase"]
[SourceDate "2015.09.14"]
[SourceVersion "1"]
[SourceVersionDate "2015.09.14"]
[SourceQuality "1"]

1. d4 Nf6 2. g3 e6 3. Bg2 c5 4. Nf3 Nc6 5. 0-0 Rb8 6. c4 cxd4 7. Nxd4 e5 8. Nb5 a6 9. Nd6+ Bxd6 10. Qxd6 Qe7 11. Qxe7+ Kxe7 12. Nc3 h6 13. c5 b5 14. cxb6 Rxb6 15. b3 Bb7 16. Na4 Rb5 17. Nc3 Rb6 18. Ba3+ Nb4 19. Na4 Rb5 20. Bxb7 Rxb7 21. Nc5 1-0

[Event "Reunion op 03rd"]
[Site "Etang Sale"]
[Date "2000.11.04"]
[Round "8"]
[White "Hertzog, Walter"]
[Black "Kozlowski, Thierry"]
[Result "1-0"]
[WhiteElo "2090"]
[BlackElo "2062"]
[PlyCount "65"]
[EventDate "2000.10.28"]
[EventType "swiss"]
[EventRounds "9"]
[EventCountry "FRA"]
[SourceTitle "EXT 2001"]
[Source "ChessBase"]
[SourceDate "2000.11.22"]
[SourceVersion "1"]
[SourceVersionDate "2000.11.22"]
[SourceQuality "1"]

1. d4 Nf6 2. c4 g6 3. Nc3 d5 4. e3 Bg7 5. h3 c5 6. Nf3 0-0 7. Be2 Nc6 8. 0-0 cxd4 9. exd4 h6 10. Be3 Be6 11. b3 Rc8 12. Rc1 Qa5 13. Qd2 Kh7 14. Bd3 dxc4 15. bxc4 Rfd8 16. d5 Nb4 17. Be2 Bd7 18. a3 Na6 19. Bxa7 Nc5 20. Bxc5 Rxc5 21. Qe3 e6 22. dxe6 Bxe6 23. Nb5 b6 24. Nfd4 Bd7 25. Nb3 Qa8 26. Nxc5 Bxb5 27. cxb5 bxc5 28. Qxc5 Bf8 29. Qc4 Qxa3 30. Qxf7+ Bg7 31. Rc7 Ne8 32. Re7 Qa8 33. Bc4 1-0